<?xml version="1.0" encoding="UTF-8"?>
<record
    xmlns:xsi="http://www.w3.org/2001/XMLSchema-instance"
    xsi:schemaLocation="http://www.loc.gov/MARC21/slim http://www.loc.gov/standards/marcxml/schema/MARC21slim.xsd"
    xmlns="http://www.loc.gov/MARC21/slim">

  <leader>00563nam a22001577a 4500</leader>
  <controlfield tag="003">OSt</controlfield>
  <controlfield tag="005">20150915133433.0</controlfield>
  <controlfield tag="008">150915b        xxu||||| |||| 00| 0 eng d</controlfield>
  <datafield tag="040" ind1=" " ind2=" ">
    <subfield code="c">RUA</subfield>
  </datafield>
  <datafield tag="082" ind1=" " ind2=" ">
    <subfield code="a">AGR KLA 1999 BOO25 Or.1</subfield>
  </datafield>
  <datafield tag="100" ind1=" " ind2=" ">
    <subfield code="9">513</subfield>
    <subfield code="a">KAL, SOPHOS</subfield>
  </datafield>
  <datafield tag="245" ind1=" " ind2=" ">
    <subfield code="a">Rubber exploitation at chamcar andong rubber plantation,( &#x1780;&#x17B6;&#x179A;&#x1792;&#x17D2;&#x179C;&#x17BE;&#x17A2;&#x17B6;&#x1787;&#x17B8;&#x179C;&#x1780;&#x1798;&#x17D2;&#x1798;&#x178A;&#x17C6;&#x178E;&#x17B6;&#x17C6;&#x1780;&#x17C5;&#x179F;&#x17CA;&#x17BC;&#x1793;&#x17C5;&#x1785;&#x17C6;&#x1780;&#x17B6;&#x179A;&#x1780;&#x17C5;&#x179F;&#x17CB;&#x17BC;&#x1785;&#x17C6;&#x1780;&#x17B6;&#x179A;&#x17A2;&#x178E;&#x17D2;&#x178F;&#x17BC;&#x1784;).</subfield>
  </datafield>
  <datafield tag="260" ind1=" " ind2=" ">
    <subfield code="a">phnom phen</subfield>
    <subfield code="b">RUA</subfield>
    <subfield code="c">1999</subfield>
  </datafield>
  <datafield tag="300" ind1=" " ind2=" ">
    <subfield code="a">43P.</subfield>
    <subfield code="b">ILL.</subfield>
    <subfield code="c">29CM.</subfield>
  </datafield>
  <datafield tag="942" ind1=" " ind2=" ">
    <subfield code="2">ddc</subfield>
    <subfield code="c">AGR</subfield>
  </datafield>
  <datafield tag="999" ind1=" " ind2=" ">
    <subfield code="c">493</subfield>
    <subfield code="d">493</subfield>
  </datafield>
  <datafield tag="952" ind1=" " ind2=" ">
    <subfield code="0">0</subfield>
    <subfield code="1">0</subfield>
    <subfield code="2">ddc</subfield>
    <subfield code="4">0</subfield>
    <subfield code="6">AGR_KLA_1999_000000000000000_BOO25_OR_1</subfield>
    <subfield code="7">0</subfield>
    <subfield code="9">2370</subfield>
    <subfield code="a">LBB</subfield>
    <subfield code="b">LBB</subfield>
    <subfield code="c">B025</subfield>
    <subfield code="d">2015-09-15</subfield>
    <subfield code="o">AGR KLA 1999 BOO25 Or.1</subfield>
    <subfield code="p">RUA001789</subfield>
    <subfield code="r">2015-09-15</subfield>
    <subfield code="w">2015-09-15</subfield>
    <subfield code="y">AGR</subfield>
  </datafield>
  <datafield tag="952" ind1=" " ind2=" ">
    <subfield code="0">0</subfield>
    <subfield code="1">0</subfield>
    <subfield code="2">ddc</subfield>
    <subfield code="4">0</subfield>
    <subfield code="6">AGR_KLA_1999_000000000000000_BOO25_OR_2</subfield>
    <subfield code="7">0</subfield>
    <subfield code="9">2371</subfield>
    <subfield code="a">LBB</subfield>
    <subfield code="b">LBB</subfield>
    <subfield code="c">B025</subfield>
    <subfield code="d">2015-09-15</subfield>
    <subfield code="o">AGR KLA 1999 BOO25 Or.2</subfield>
    <subfield code="p">RUA001717</subfield>
    <subfield code="r">2015-09-15</subfield>
    <subfield code="w">2015-09-15</subfield>
    <subfield code="y">AGR</subfield>
  </datafield>
  <datafield tag="952" ind1=" " ind2=" ">
    <subfield code="0">0</subfield>
    <subfield code="1">0</subfield>
    <subfield code="2">ddc</subfield>
    <subfield code="4">0</subfield>
    <subfield code="6">AGR_KLA_1999_000000000000000_BOO25_OR_3</subfield>
    <subfield code="7">0</subfield>
    <subfield code="9">2372</subfield>
    <subfield code="a">LBB</subfield>
    <subfield code="b">LBB</subfield>
    <subfield code="c">B025</subfield>
    <subfield code="d">2015-09-15</subfield>
    <subfield code="o">AGR KLA 1999 BOO25 Or.3</subfield>
    <subfield code="p">RUA001818</subfield>
    <subfield code="r">2015-09-15</subfield>
    <subfield code="w">2015-09-15</subfield>
    <subfield code="y">AGR</subfield>
  </datafield>
  <datafield tag="952" ind1=" " ind2=" ">
    <subfield code="0">0</subfield>
    <subfield code="1">0</subfield>
    <subfield code="2">ddc</subfield>
    <subfield code="4">0</subfield>
    <subfield code="6">AGR_KLA_1999_000000000000000_BOO25_OR_4</subfield>
    <subfield code="7">0</subfield>
    <subfield code="9">2373</subfield>
    <subfield code="a">LBB</subfield>
    <subfield code="b">LBB</subfield>
    <subfield code="c">B025</subfield>
    <subfield code="d">2015-09-15</subfield>
    <subfield code="o">AGR KLA 1999 BOO25 Or.4</subfield>
    <subfield code="p">RUA001971</subfield>
    <subfield code="r">2015-09-15</subfield>
    <subfield code="w">2015-09-15</subfield>
    <subfield code="y">AGR</subfield>
  </datafield>
  <datafield tag="952" ind1=" " ind2=" ">
    <subfield code="0">0</subfield>
    <subfield code="1">0</subfield>
    <subfield code="2">ddc</subfield>
    <subfield code="4">0</subfield>
    <subfield code="6">AGR_KLA_1999_000000000000000_BOO25_OR_5</subfield>
    <subfield code="7">0</subfield>
    <subfield code="9">2374</subfield>
    <subfield code="a">LBB</subfield>
    <subfield code="b">LBB</subfield>
    <subfield code="c">B025</subfield>
    <subfield code="d">2015-09-15</subfield>
    <subfield code="o">AGR KLA 1999 BOO25 Or.5</subfield>
    <subfield code="p">RUA001890</subfield>
    <subfield code="r">2015-09-15</subfield>
    <subfield code="w">2015-09-15</subfield>
    <subfield code="y">AGR</subfield>
  </datafield>
  <datafield tag="952" ind1=" " ind2=" ">
    <subfield code="0">0</subfield>
    <subfield code="1">0</subfield>
    <subfield code="2">ddc</subfield>
    <subfield code="4">0</subfield>
    <subfield code="6">AGR_KLA_1999_000000000000000_BOO25_OR_6</subfield>
    <subfield code="7">0</subfield>
    <subfield code="9">2375</subfield>
    <subfield code="a">LBB</subfield>
    <subfield code="b">LBB</subfield>
    <subfield code="c">B025</subfield>
    <subfield code="d">2015-09-15</subfield>
    <subfield code="o">AGR KLA 1999 BOO25 Or.6</subfield>
    <subfield code="p">RUA001674</subfield>
    <subfield code="r">2015-09-15</subfield>
    <subfield code="w">2015-09-15</subfield>
    <subfield code="y">AGR</subfield>
  </datafield>
  <datafield tag="952" ind1=" " ind2=" ">
    <subfield code="0">0</subfield>
    <subfield code="1">0</subfield>
    <subfield code="2">ddc</subfield>
    <subfield code="4">0</subfield>
    <subfield code="6">AGR_KLA_1999_000000000000000_BOO25_OR_7</subfield>
    <subfield code="7">0</subfield>
    <subfield code="9">2376</subfield>
    <subfield code="a">LBB</subfield>
    <subfield code="b">LBB</subfield>
    <subfield code="c">B025</subfield>
    <subfield code="d">2015-09-15</subfield>
    <subfield code="o">AGR KLA 1999 BOO25 Or.7</subfield>
    <subfield code="p">RUA001824</subfield>
    <subfield code="r">2015-09-15</subfield>
    <subfield code="w">2015-09-15</subfield>
    <subfield code="y">AGR</subfield>
  </datafield>
  <datafield tag="952" ind1=" " ind2=" ">
    <subfield code="0">0</subfield>
    <subfield code="1">0</subfield>
    <subfield code="2">ddc</subfield>
    <subfield code="4">0</subfield>
    <subfield code="6">AGR_KLA_1999_000000000000000_BOO25_OR_8</subfield>
    <subfield code="7">0</subfield>
    <subfield code="9">2377</subfield>
    <subfield code="a">LBB</subfield>
    <subfield code="b">LBB</subfield>
    <subfield code="c">B025</subfield>
    <subfield code="d">2015-09-15</subfield>
    <subfield code="o">AGR KLA 1999 BOO25 Or.8</subfield>
    <subfield code="p">RUA001752</subfield>
    <subfield code="r">2015-09-15</subfield>
    <subfield code="w">2015-09-15</subfield>
    <subfield code="y">AGR</subfield>
  </datafield>
  <datafield tag="952" ind1=" " ind2=" ">
    <subfield code="0">0</subfield>
    <subfield code="1">0</subfield>
    <subfield code="2">ddc</subfield>
    <subfield code="4">0</subfield>
    <subfield code="6">AGR_KLA_1999_000000000000000_BOO25_OR_9</subfield>
    <subfield code="7">0</subfield>
    <subfield code="9">2378</subfield>
    <subfield code="a">LBB</subfield>
    <subfield code="b">LBB</subfield>
    <subfield code="c">B025</subfield>
    <subfield code="d">2015-09-15</subfield>
    <subfield code="l">1</subfield>
    <subfield code="o">AGR KLA 1999 BOO25 Or.9</subfield>
    <subfield code="p">RUA001691</subfield>
    <subfield code="r">2023-03-29</subfield>
    <subfield code="s">2023-01-30</subfield>
    <subfield code="w">2015-09-15</subfield>
    <subfield code="y">AGR</subfield>
  </datafield>
</record>
